<?xml version="1.0" encoding="UTF-8"?>
<record
    xmlns:xsi="http://www.w3.org/2001/XMLSchema-instance"
    xsi:schemaLocation="http://www.loc.gov/MARC21/slim http://www.loc.gov/standards/marcxml/schema/MARC21slim.xsd"
    xmlns="http://www.loc.gov/MARC21/slim">

  <leader>00904nam a22002177a 4500</leader>
  <controlfield tag="003">BI-BuBU</controlfield>
  <controlfield tag="008">100402t        be||||dr|||| 000 0 fre d</controlfield>
  <datafield tag="039" ind1=" " ind2=" ">
    <subfield code="a">gns</subfield>
  </datafield>
  <datafield tag="040" ind1=" " ind2=" ">
    <subfield code="a">BI-BuBU</subfield>
    <subfield code="b">fre</subfield>
    <subfield code="c">BI-BuBU</subfield>
  </datafield>
  <datafield tag="080" ind1=" " ind2=" ">
    <subfield code="a">551.49</subfield>
  </datafield>
  <datafield tag="100" ind1="1" ind2=" ">
    <subfield code="4">aut</subfield>
    <subfield code="a">Ntaguzwa,Dieudonn&#xE9;</subfield>
    <subfield code="9">18171</subfield>
  </datafield>
  <datafield tag="245" ind1="1" ind2=" ">
    <subfield code="a">Etude hydrologique du bassin versant de la Nyakijanda</subfield>
    <subfield code="b">r&#xE9;gion de Musongati, Burundi</subfield>
    <subfield code="c">par Dieudonn&#xE9; Ntaguzwa</subfield>
  </datafield>
  <datafield tag="260" ind1=" " ind2=" ">
    <subfield code="a">Louvain-La-Neuve</subfield>
    <subfield code="b">Universit&#xE9; catholique de Louvain</subfield>
    <subfield code="c">1994</subfield>
  </datafield>
  <datafield tag="300" ind1=" " ind2=" ">
    <subfield code="a">132 f.</subfield>
    <subfield code="b">ill.</subfield>
    <subfield code="c">30 cm.</subfield>
  </datafield>
  <datafield tag="500" ind1=" " ind2=" ">
    <subfield code="a">M&#xE9;moire pr&#xE9;sent&#xE9; en vue de l'obtention du grade compl&#xE9;mentaire d'Ing&#xE9;nieur  en hydrologie</subfield>
  </datafield>
  <datafield tag="650" ind1=" " ind2="7">
    <subfield code="2">BI-BuBU</subfield>
    <subfield code="a">Musongati(Burundi).Hydrologie</subfield>
    <subfield code="9">18172</subfield>
  </datafield>
  <datafield tag="650" ind1=" " ind2="7">
    <subfield code="2">BI-BuBU</subfield>
    <subfield code="a">Hydrologie.Musongati(Burundi)</subfield>
    <subfield code="9">18173</subfield>
  </datafield>
  <datafield tag="942" ind1=" " ind2=" ">
    <subfield code="2">udc</subfield>
    <subfield code="c">BK</subfield>
  </datafield>
  <datafield tag="999" ind1=" " ind2=" ">
    <subfield code="c">4932</subfield>
    <subfield code="d">4932</subfield>
  </datafield>
  <datafield tag="952" ind1=" " ind2=" ">
    <subfield code="0">0</subfield>
    <subfield code="1">0</subfield>
    <subfield code="2">udc</subfield>
    <subfield code="4">0</subfield>
    <subfield code="7">0</subfield>
    <subfield code="9">6315</subfield>
    <subfield code="a">BFACAGRO</subfield>
    <subfield code="b">BFACAGRO</subfield>
    <subfield code="d">2010-04-02</subfield>
    <subfield code="e">Fonds FACAGRO</subfield>
    <subfield code="l">0</subfield>
    <subfield code="o">551.49.NTA</subfield>
    <subfield code="p">5030000012937</subfield>
    <subfield code="r">2010-04-02</subfield>
    <subfield code="t">1</subfield>
    <subfield code="w">2010-04-02</subfield>
  </datafield>
</record>
